<?xml version="1.0" encoding="UTF-8"?>
<record
    xmlns:xsi="http://www.w3.org/2001/XMLSchema-instance"
    xsi:schemaLocation="http://www.loc.gov/MARC21/slim http://www.loc.gov/standards/marcxml/schema/MARC21slim.xsd"
    xmlns="http://www.loc.gov/MARC21/slim">

  <leader>01090    a2200229   4500</leader>
  <controlfield tag="001">118168</controlfield>
  <datafield tag="020" ind1=" " ind2=" ">
    <subfield code="a">9788564517363</subfield>
  </datafield>
  <datafield tag="020" ind1=" " ind2=" ">
    <subfield code="q">enc.</subfield>
  </datafield>
  <datafield tag="041" ind1=" " ind2=" ">
    <subfield code="a">por</subfield>
  </datafield>
  <datafield tag="082" ind1=" " ind2=" ">
    <subfield code="a">398.2454</subfield>
  </datafield>
  <datafield tag="240" ind1="1" ind2="0">
    <subfield code="a">Children's book of mythical beasts and magical monsters</subfield>
  </datafield>
  <datafield tag="245" ind1="1" ind2="0">
    <subfield code="a">Mitos e lendas para crian&#xE7;as</subfield>
  </datafield>
  <datafield tag="520" ind1=" " ind2=" ">
    <subfield code="a">Os mitos, as lendas e o folclore abordam os seres humanos, a natureza e seus fen&#xF4;menos e tamb&#xE9;m o mundo espiritual, por meio de hist&#xF3;rias sobre deuses, her&#xF3;is e monstros. Eles nos ajudam a refletir sobre grandes quest&#xF5;es da vida. Este livro desvenda segredos da mitologia e traz aventuras incr&#xED;veis que s&#xE3;o contadas de gera&#xE7;&#xE3;o em gera&#xE7;&#xE3;o. Da Gr&#xE9;cia Antiga &#xE0;s Am&#xE9;ricas, faz uma viagem por reinos escondidos, apresenta criaturas fascinantes, identifica personagens e reconta hist&#xF3;rias fant&#xE1;sticas para os pequenos.</subfield>
  </datafield>
  <datafield tag="697" ind1=" " ind2=" ">
    <subfield code="a">Mitos</subfield>
  </datafield>
  <datafield tag="697" ind1=" " ind2=" ">
    <subfield code="a">Lendas</subfield>
  </datafield>
  <datafield tag="856" ind1=" " ind2=" ">
    <subfield code="u">00002e/00002efb.jpg</subfield>
  </datafield>
  <datafield tag="040" ind1=" " ind2=" ">
    <subfield code="a">BR-BrIDEA</subfield>
    <subfield code="c">BR-BrIDEA</subfield>
  </datafield>
  <datafield tag="090" ind1=" " ind2=" ">
    <subfield code="a">Year 3 398</subfield>
    <subfield code="b">MIT</subfield>
  </datafield>
  <datafield tag="260" ind1=" " ind2=" ">
    <subfield code="a">S&#xE3;o  Paulo, SP</subfield>
    <subfield code="b">Publifolhina</subfield>
    <subfield code="c">2014</subfield>
  </datafield>
  <datafield tag="300" ind1=" " ind2=" ">
    <subfield code="a">142 p.</subfield>
    <subfield code="b">col. ill.</subfield>
  </datafield>
  <datafield tag="942" ind1=" " ind2=" ">
    <subfield code="c">BK</subfield>
  </datafield>
  <datafield tag="952" ind1=" " ind2=" ">
    <subfield code="0">0</subfield>
    <subfield code="1">0</subfield>
    <subfield code="2">ddc</subfield>
    <subfield code="4">0</subfield>
    <subfield code="7">0</subfield>
    <subfield code="a">12.28</subfield>
    <subfield code="b">12.28</subfield>
    <subfield code="d">2022-03-23</subfield>
    <subfield code="l">2</subfield>
    <subfield code="o">Year 3 398 MIT</subfield>
    <subfield code="p">00057478SSW</subfield>
    <subfield code="r">2024-04-29 16:24:27</subfield>
    <subfield code="s">2024-04-05</subfield>
    <subfield code="w">2024-01-23</subfield>
    <subfield code="y">BK</subfield>
  </datafield>
  <datafield tag="999" ind1=" " ind2=" ">
    <subfield code="c">118168</subfield>
    <subfield code="d">118168</subfield>
  </datafield>
</record>
